Missing Word: Movies with Months in the Title Quiz Stats

 Plays Quiz Updated Jul 8, 2017

Support Sporcle.
Go Orange.
Score 0/14 Timer 03:00
0 Plays Today
Movie Title Missing Word % Correct
April _____ DayFool's
94.7%
The _____ For Red OctoberHunt
92.9%
The _____ of MarchIdes
91.3%
_____ on the Fourth of JulyBorn
89.1%
March of the _____Penguins
77.9%
What _____ May ComeDreams
45.7%
The Teahouse of the August _____Moon
38.5%
Movie Title Missing Word % Correct
_____ Days in MaySeven
37.5%
A _____ Wind in AugustCold
31.1%
_____ of AprilPieces
13.6%
Martha _____ May MarleneMarcy
10.1%
Happy Birthday, _____ JuneWanda
9.5%
_____, August 31stOslo
4%
_____ in SeptemberDancing
3.3%

Today's Daily Dose

You're not logged in!

Compare scores with friends on all Sporcle quizzes.
OR
Log In
Forgot?

From the Vault

Remove Ads.
Support Sporcle.
Get the best of Sporcle when you Go Orange. This ad-free experience offers more features, more stats, and more fun while also helping to support Sporcle. Thank you for becoming a member.

Show Comments

Extras

Top Quizzes Today


Score Distribution

Your Account Isn't Verified!

In order to create a playlist on Sporcle, you need to verify the email address you used during registration. Go to your Sporcle Settings to finish the process.

Report this User

Report this user for behavior that violates our Community Guidelines.

Details: